| 000 | 00000nam##2200000za#4500 |
| 001 | 9.625797 |
| 003 | CaOODSP |
| 005 | 20200706134933 |
| 007 | ta |
| 008 | 150406|2001||||xxc||||| f|0| 0 fre|d |
| 020 | |a0-660-96599-2 |
| 022 | |a1200-5231 |
| 040 | |aCaOODSP|bfre |
| 043 | |an-cn--- |
| 086 | 1 |aCS11-0019/176F |
| 245 | 00|aQuelles entreprises ont des taux de vacance élevés au Canada? / |cpar René Morissette et Xuelin Zhang. |
| 260 | |aOttawa - Ontario : |bStatistique Canada. |c2001. |
| 300 | |a41p. : |bfigures, références, tableaux ; |c28 cm. |
| 490 | 1 |aDocuments de recherche|x1200-5231|vN° 176 |
| 500 | |a«Aucunes données mesurant directement le nombre d'emplois vacants au Canada ne sont recueillies depuis l'Enquête sur les postes vacants menée par Statistique Canada de 1971 à 1978. Nous tâchons de combler cette lacune à l'aide de données provenant de l'Enquête sur le milieu de travail et les employés (EMTE) de 1999.»--Résumé. |
| 563 | |aCouverture souple |
| 590 | |a01-45|b2001-11-09 |
| 691 | 07|aChance d'emploi|2gcpds |
| 691 | 07|aEntreprise|2gcpds |
| 710 | 2 |aStatistique Canada. |bDirection des études analytiques. |
| 720 | 1 |aMorissette, René |
| 720 | 1 |aZhang, Xuelin |
| 775 | 08|tWhich firms have high job vacancy rates in Canada? / |w(CaOODSP)9.615778 |
| 776 | 0#|tQuelles entreprises ont des taux de vacance élevés au Canada? / |w(CaOODSP)9.590960 |
| 830 | #0|aDocuments de recherche,|x1200-5231|vN° 176|w(CaOODSP)9.512877 |